Tvorba a ochrana životného prostredia

Bibliographic Details
Main Authors: Vybíralová, Júlia, 1939- (Author), Füzyová, Ľubica, 1945- (Author), Polačko, Vladimír (Author)
Format: Book
Language:Slovak
PhysicalDescription:233 s. sch. 21 cm
Published: Bratislava Vydavateľstvo Ekonóm 2005
ISBN:8022520985
Edition:1. vyd.
Subjects:

MARC

LEADER 00000nam a2200000 a 4500
001 vtls008689836
003 SK-MaSNL
005 20260301205457.0
008 240315s2005 xo l d p 000 0 slo
015 |a SNBA2006/05-02892 
020 |a 8022520985  |q (brož.) 
035 |a DB685153-E67E-44D0-BA06-EDB2C8DC28D4 
035 |a urn:nbn:sk:snk-aml485 
035 |a urn:nbn:sk:snk-am008wxh 
040 |a SNK  |b slo  |c SNK  |e AACR2 
041 0 |a slo 
044 |a xo  |c SK 
072 7 |a 502  |x Životné prostredie a jeho ochrana  |2 konspekt 
080 |a (075.8)  |2 2001 
080 |a 502.17  |2 2001 
100 1 |a Vybíralová, Júlia,  |d 1939-  |4 aut  |9 250442 
245 1 0 |a Tvorba a ochrana životného prostredia  |c Júlia Vybíralová, Ľuba Füzyová, Vladimír Polačko 
250 |a 1. vyd. 
260 |a Bratislava  |b Vydavateľstvo Ekonóm  |c 2005 
300 |a 233 s.  |b sch.  |c 21 cm 
366 |e 400 výtl. 
504 |a Bibliogr. s. 229-233 
650 0 7 |a ochrana životného prostredia  |2 SNKPH  |9 3352 
655 7 |a učebnice vysokých škôl  |2 SNKPH  |9 70191 
700 1 |a Füzyová, Ľubica,  |d 1945-  |4 aut  |9 156016 
700 1 |a Polačko, Vladimír  |4 aut  |9 74700 
919 |a 80-225-2098-5 
958 |a OND 
999 |c 910227  |d 912157 
952 |a SNK  |b SNK  |y PREZ  |7 0  |p 17A0505552  |o snkSC 123461  |i snk2006/7408  |8 0  |0 0  |1 0  |4 0  |d 2006-04-10  |f 1  |l 0  |r 2025-06-05 00:00:00  |w 2026-02-24 
952 |a SNK  |b SNK  |y VYP  |7 0  |p 17A0505551  |o snkSC 123461 D1  |i snk2006/7409  |8 0  |0 0  |1 0  |4 0  |d 2006-04-10  |l 0  |r 2026-02-24 07:41:17  |w 2026-02-24